000 01225nam a2200241 a 4500
008 120416s2001 ||||||||||||||||| || u
020 _a0273685988
050 _aHG 4011 Van
100 _aVan Horne, James C
245 1 0 _aFundamentals of financial management. -- 12th ed.
_cJames C Van Horne and John M. Wachowicz
250 _a12th ed.
260 _aHarlow, Essex:
_bPearson
_c2001
300 _axxiv, 712p. : ill.
350 _a0.00
650 _aCORPORATIONS--FINANCE
650 0 _aBUSINESS
650 _aBUSINESS ENTERPRISES--FINANCE
700 _aWachowicz, John M
995 _aSHORT LOAN BOOKS
_D0.00
_e736858
_FCBU-MAIN LIBRARY (Kitwe)
_H1
_I0.00
_jHG 4011 Van
_M4
_UAVAILABLE
_WApr 20, 2011
_y736858
_ZShort Loan Collection
995 _aBINDERY (DAMAGED)
_D0.00
_e736857
_FCBU-MAIN LIBRARY (Kitwe)
_H1
_I20.00
_jHG 4011 Van
_M1
_UDAMAGED
_y40061
_ZMain Library Open Access Collection
995 _aMAIN LIBRARY OPEN ACCESS
_D0.00
_e742174
_FCBU-MAIN LIBRARY (Kitwe)
_H1
_I0.00
_jHG 4011 Van
_M3
_UAVAILABLE
_WDec 15, 2010
_y742174
_ZMain Library Open Access Collection
995 _aBINDERY (DAMAGED)
_D0.00
_e736859
_FCBU-MAIN LIBRARY (Kitwe)
_H2
_I20.00
_jHG 4011 Van
_M2
_UDAMAGED
_WJul 26, 2006
_y40078
_ZMain Library Open Access Collection
999 _c63353
_d63353